[Event "Hastings Chess Congress"]
[Site "Hastings ENG"]
[Date "2009.01.02"]
[EventDate "2008.12.28"]
[Round "6"]
[Result "1/2-1/2"]
[White "Raymond Charles Cannon"]
[Black "Richard Almond"]
[WhiteElo "2041"]
[BlackElo "2138"]
[PlyCount "101"]

1. e4 d5 2. Nc3 dxe4 3. Nxe4 Bf5 4. Qf3 Bxe4 5. Qxe4 c6 6. Bc4
Nf6 7. Qe2 e6 8. Nf3 Bd6 9. d4 Nbd7 10. c3 Qc7 11. Bg5 O-O-O
12. O-O-O h6 13. Bh4 g5 14. Bg3 Nd5 15. Bxd5 cxd5 16. Bxd6
Qxd6 17. Rhe1 Qf4+ 18. Kb1 Kb8 19. h3 h5 20. Ne5 Nxe5 21. dxe5
Qc4 22. Qe3 Rdg8 23. Rd4 Qc7 24. Rc1 Qe7 25. Ra4 b6 26. g3 Rc8
27. Rb4 Kb7 28. a4 Rhg8 29. a5 Qc5 30. Qf3 Rc7 31. axb6 axb6
32. Rc2 Ra8 33. Qxh5 Qa5 34. Kc1 Qa1+ 35. Kd2 Qf1 36. Qe2 Qxh3
37. Qe3 Ra6 38. Rc1 Qf5 39. Rh1 Ka7 40. Ra1 Rc6 41. Rba4 Rxa4
42. Rxa4+ Kb7 43. Qe2 Rc4 44. Rxc4 dxc4 45. Kc1 g4 46. Qxc4
Qxe5 47. Qxg4 Qe1+ 48. Qd1 Qxf2 49. Qd7+ Kb8 50. Qd8+ Kb7
51. Qd7+ 1/2-1/2

[Event "Hastings Chess Congress"]
[Site "Hastings ENG"]
[Date "2009.01.02"]
[EventDate "2008.12.28"]
[Round "6"]
[Result "1-0"]
[White "Daniel Rocks"]
[Black "Timothy Spanton"]
[WhiteElo "2129"]
[BlackElo "1982"]
[PlyCount "41"]

1. e4 e5 2. Nf3 Nc6 3. Bc4 Bc5 4. c3 Nf6 5. d3 a6 6. b4 Ba7
7. O-O d6 8. Nbd2 O-O 9. a4 Be6 10. Bxe6 fxe6 11. Nc4 Qe8
12. Be3 Bxe3 13. fxe3 Ng4 14. Qe2 Qh5 15. h3 Nf6 16. b5 axb5
17. axb5 Ne7 18. b6 d5 19. exd5 exd5 20. Ncxe5 Nf5 21. g4 1-0

[Event "Hastings Chess Congress"]
[Site "Hastings ENG"]
[Date "2009.01.02"]
[EventDate "2008.12.28"]
[Round "6"]
[Result "0-1"]
[White "Alexandra Wilson"]
[Black "David Cilia Vincenti"]
[WhiteElo "2026"]
[BlackElo "2108"]
[PlyCount "80"]

1. e4 c5 2. Nf3 e6 3. d3 Nc6 4. g3 d5 5. Nbd2 Bd6 6. Bg2 Nge7
7. O-O O-O 8. c3 Qc7 9. Qe2 f6 10. Re1 d4 11. Nc4 e5 12. Nxd6
Qxd6 13. cxd4 Nxd4 14. Nxd4 cxd4 15. Bd2 Be6 16. f4 Rac8
17. f5 Bf7 18. Rec1 Rxc1+ 19. Rxc1 Bxa2 20. Qg4 Kh8 21. h4 Bf7
22. h5 h6 23. Qe2 Rc8 24. Qd1 Rxc1 25. Qxc1 Qc6 26. Qd1 Kh7
27. Bb4 Nc8 28. Bf3 b6 29. Qd2 a5 30. Ba3 Bb3 31. Bd1 Bxd1
32. Qxd1 b5 33. b3 b4 34. Bb2 Nd6 35. Qg4 Qc2 36. Bxd4 exd4
37. e5 Nf7 38. Qg6+ Kg8 39. e6 Nd6 40. Qg4 Qxd3 0-1

[Event "Hastings Chess Congress"]
[Site "Hastings ENG"]
[Date "2009.01.02"]
[EventDate "2008.12.28"]
[Round "6"]
[Result "1/2-1/2"]
[White "Birk Anders Rolvaag"]
[Black "Paul Hopper"]
[WhiteElo "1880"]
[BlackElo "2173"]
[PlyCount "57"]

1. e4 d6 2. Nc3 g6 3. g3 Bg7 4. Bg2 c5 5. Nge2 Nc6 6. d3 Rb8
7. Be3 Nd4 8. O-O b5 9. Qd2 b4 10. Nd1 Nxe2+ 11. Qxe2 Nf6
12. h3 O-O 13. Qd2 e5 14. Bh6 d5 15. Bxg7 Kxg7 16. exd5 Nxd5
17. Ne3 Bb7 18. Nc4 Qc7 19. Rfe1 f6 20. a3 Nb6 21. Nxb6 Qxb6
22. axb4 cxb4 23. Qe3 Qxe3 24. Rxe3 Bxg2 25. Kxg2 Rb7 26. Re4
b3 27. c4 Rd7 28. c5 Rd5 29. Rc4 1/2-1/2

[Event "Hastings Chess Congress"]
[Site "Hastings ENG"]
[Date "2009.01.02"]
[EventDate "2008.12.28"]
[Round "6"]
[Result "1/2-1/2"]
[White "Simon Knight"]
[Black "Juan Carlos Fernandez Fernandez"]
[WhiteElo "2148"]
[BlackElo "2062"]
[PlyCount "127"]

1. d4 Nf6 2. Nf3 e6 3. Nbd2 d5 4. e3 c5 5. c3 Nc6 6. Bd3 Be7
7. O-O O-O 8. Qe2 Qc7 9. dxc5 Bxc5 10. e4 dxe4 11. Nxe4 Be7
12. Nfg5 Nxe4 13. Qxe4 f5 14. Qe2 Ne5 15. Bc2 Ng4 16. g3 Bxg5
17. Bxg5 h6 18. Bd2 Bd7 19. Bb3 Kh8 20. h3 Nf6 21. Bf4 Qa5
22. Rad1 Rad8 23. Qe5 Qxe5 24. Bxe5 Bc8 25. Bc7 Rxd1 26. Rxd1
Re8 27. Be5 a6 28. Bxf6 gxf6 29. Rd6 Kg7 30. f4 Kf7 31. Kf2
Ke7 32. Rd2 b6 33. Ke3 Rg8 34. Rg2 Bb7 35. Rg1 Rd8 36. Bc4 Rc8
37. Bd3 Rd8 38. h4 Rg8 39. b4 Kd6 40. Kf2 Ke7 41. Re1 Kd6
42. Re3 a5 43. Ke1 axb4 44. cxb4 Bd5 45. a3 Be4 46. Be2 Kd5
47. Rc3 Kd4 48. Kd2 e5 49. a4 exf4 50. gxf4 Rg2 51. Rc8 Bf3
52. Rd8+ Ke4 53. Re8+ Kxf4 54. a5 bxa5 55. bxa5 Bxe2 56. Rxe2
Rg3 57. Re6 Ra3 58. a6 h5 59. Rxf6 Kg4 60. Rg6+ Kf4 61. Ke2
Ke4 62. Re6+ Kf4 63. Rg6 Ke4 64. Re6+ 1/2-1/2

[Event "Hastings Chess Congress"]
[Site "Hastings ENG"]
[Date "2009.01.02"]
[EventDate "2008.12.28"]
[Round "6"]
[Result "1-0"]
[White "Uwe Nebel"]
[Black "Adrian Conde"]
[WhiteElo "2001"]
[BlackElo "2067"]
[PlyCount "89"]

1. e4 e6 2. d4 d5 3. Nd2 Ne7 4. e5 Ng6 5. Ngf3 c5 6. c3 c4
7. g3 Be7 8. Bg2 a5 9. O-O b5 10. a3 O-O 11. Ne1 a4 12. f4 f5
13. Ndf3 Nh8 14. Nc2 Bd7 15. Ne3 h5 16. Ng5 Bxg5 17. fxg5 g6
18. Nxd5 Bc6 19. Nf6+ Kg7 20. Rf4 Bxg2 21. Kxg2 Nf7 22. Qf3
Ra7 23. h4 Qc7 24. Be3 Rb7 25. Re1 Qc6 26. d5 exd5 27. Bd4 Qe6
28. Qxd5 Nd8 29. Bc5 Qxd5+ 30. Nxd5 Ne6 31. Bxf8+ Kxf8 32. Rf2
Na6 33. Nf4 Nxf4+ 34. Rxf4 Nc5 35. e6 Nd3 36. Re2 Nxf4+
37. gxf4 Ke7 38. Re5 Rb6 39. Kf3 Rb7 40. Ke3 Rb6 41. Kd4 Rd6+
42. Kc5 Rxe6 43. Kd5 Rxe5+ 44. Kxe5 Kf7 45. Kd6 1-0

[Event "Hastings Chess Congress"]
[Site "Hastings ENG"]
[Date "2009.01.02"]
[EventDate "2008.12.28"]
[Round "6"]
[Result "1-0"]
[White "Einora Juciute"]
[Black "Tom C O'Neill"]
[WhiteElo "1815"]
[BlackElo "1518"]
[PlyCount "63"]

1. e4 c5 2. Nf3 d6 3. d4 cxd4 4. Qxd4 Nc6 5. Bb5 a6 6. Bxc6+
bxc6 7. e5 Bb7 8. exd6 exd6 9. Bg5 c5 10. Qc3 Qd7 11. O-O Rc8
12. Re1+ Ne7 13. Bxe7 Bxe7 14. Qxg7 Rf8 15. Nbd2 Kd8 16. Rxe7
Kxe7 17. Re1+ Qe6 18. Rxe6+ Kxe6 19. Ng5+ Ke7 20. Nxh7 Rg8
21. Qf6+ Ke8 22. g3 Rg6 23. Qh4 Kd7 24. Ng5 Re8 25. f4 Re2
26. Qg4+ Rge6 27. Nxe6 Rxe6 28. Kf2 Ke7 29. f5 Rf6 30. Qg5 d5
31. h4 Bc8 32. g4 1-0

[Event "Hastings Chess Congress"]
[Site "Hastings ENG"]
[Date "2009.01.02"]
[EventDate "2008.12.28"]
[Round "6"]
[Result "1-0"]
[White "James S Macrae"]
[Black "Jude A Lenier"]
[WhiteElo "1778"]
[BlackElo "1831"]
[PlyCount "107"]

1. d4 Nf6 2. Nf3 e6 3. Bg5 Be7 4. Nbd2 O-O 5. e3 d5 6. Bd3 h6
7. Bh4 b6 8. O-O Bb7 9. Qe2 c5 10. c3 Nbd7 11. a4 Rc8 12. Ba6
Bxa6 13. Qxa6 c4 14. a5 Ra8 15. Rfe1 Qc7 16. e4 dxe4 17. Nxe4
Qc6 18. Ne5 Nxe5 19. dxe5 Nxe4 20. Bxe7 Rfe8 21. Bb4 h5
22. Rad1 h4 23. Rd4 Nc5 24. Qxc4 h3 25. gxh3 Red8 26. Red1
Rxd4 27. Rxd4 Qf3 28. Qf1 Nb3 29. Rd3 Qf4 30. Qd1 Qf5 31. Rd8+
Rxd8 32. Qxd8+ Kh7 33. Qh4+ Kg8 34. axb6 axb6 35. Qd8+ Kh7
36. Qd1 Qxh3 37. Qxb3 Qg4+ 38. Kf1 Qf3 39. Qc2+ g6 40. Bd6
Qh1+ 41. Ke2 Qxh2 42. Qd3 Qh1 43. Qd4 Qc1 44. b4 Qc2+ 45. Ke3
Qc1+ 46. Qd2 Qh1 47. Kd4 Qd5+ 48. Ke3 Qh1 49. Ke2 Qe4+ 50. Qe3
Qc2+ 51. Kf3 Qf5+ 52. Kg3 Qb1 53. Kg2 Qd1 54. Be7 1-0

[Event "Hastings Chess Congress"]
[Site "Hastings ENG"]
[Date "2009.01.02"]
[EventDate "2008.12.28"]
[Round "6"]
[Result "1/2-1/2"]
[White "Robert Eames"]
[Black "Arne Hagesaether"]
[WhiteElo "2329"]
[BlackElo "2181"]
[PlyCount "185"]

1. e4 c6 2. d4 d5 3. e5 c5 4. dxc5 e6 5. Qg4 Qc7 6. Nf3 f5
7. Qh5+ g6 8. Qh4 Bxc5 9. Nc3 a6 10. Bd3 Nc6 11. O-O Be7
12. Qg3 Bb4 13. Ne2 Qg7 14. c4 Nge7 15. Bg5 O-O 16. Qh4 h5
17. Bf6 Qh7 18. a3 Ba5 19. Ng5 Qh6 20. Nf4 Bd8 21. Nfxe6 Nxe5
22. Bxe5 Bxe6 23. Nxe6 Nc6 24. Qg3 h4 25. Qf3 Nxe5 26. Qxd5
Bf6 27. Nxf8+ Kxf8 28. Rad1 Qf4 29. Be2 Re8 30. Qxb7 Re7
31. Qxa6 Kg7 32. Rd6 Qe4 33. c5 h3 34. f3 Qe3+ 35. Rf2 Bh4
36. g3 Bxg3 37. hxg3 h2+ 38. Kg2 Qxf2+ 39. Kxf2 h1=Q 40. Re6
Qh2+ 41. Ke3 Qg1+ 42. Kd2 Qd4+ 43. Kc2 Qxc5+ 44. Kb1 Rxe6
45. Qxe6 Qg1+ 46. Ka2 Qxg3 47. a4 Qf4 48. Qb3 Kh6 49. a5 Nc6
50. Qc4 Qd6 51. a6 Nb4+ 52. Kb3 Nc6 53. Kc2 Nb4+ 54. Kc3 Nd5+
55. Kb3 Qb6+ 56. Ka4 Qd6 57. Qh4+ Kg7 58. Qd4+ Kh6 59. Kb3
Qb8+ 60. Ka3 Qd6+ 61. b4 Qc6 62. Qc5 Qd7 63. b5 Qd8 64. a7
Qa5+ 65. Kb3 Nb6 66. Qf8+ Kg5 67. Qd8+ Kf4 68. Qd4+ Kg3
69. Qg1+ Kf4 70. Qd4+ Kg3 71. f4 Qxa7 72. Qe3+ Kg2 73. Bf3+
Kg3 74. Bb7+ Kg4 75. Qf3+ Kh4 76. Qf2+ Kg4 77. Qf3+ Kh4
78. Kb4 Nd7 79. Qh1+ Kg3 80. Qf3+ Kh4 81. Qh1+ Kg3 82. Qg2+
Kh4 83. Qd5 Nb6 84. Qd8+ Kh3 85. Bc6 Na4 86. Qd1 Nb6 87. Qf3+
Kh4 88. Qf2+ Kg4 89. Qf3+ Kh4 90. Qg2 Qe7+ 91. Ka5 Qa7+
92. Kb4 Qe7+ 93. Ka5 1/2-1/2

[Event "Hastings Chess Congress"]
[Site "Hastings ENG"]
[Date "2009.01.02"]
[EventDate "2008.12.28"]
[Round "6"]
[Result "1/2-1/2"]
[White "Odion Aikhoje"]
[Black "R Alan Barton"]
[WhiteElo "2260"]
[BlackElo "2131"]
[PlyCount "204"]

1. Nf3 g6 2. d4 Bg7 3. Bf4 d6 4. e3 Nd7 5. c3 b6 6. Bc4 Bb7
7. Nbd2 h6 8. h3 e6 9. Qe2 a6 10. a4 Ne7 11. O-O O-O 12. Rfd1
Kh7 13. e4 Qc8 14. e5 Bxf3 15. Nxf3 d5 16. Bd3 c5 17. h4 c4
18. Bc2 Qe8 19. g3 Rh8 20. h5 Kg8 21. Kg2 gxh5 22. Rh1 Ng6
23. Bd2 f5 24. exf6 Nxf6 25. Rae1 Nf8 26. Nh4 Qf7 27. f4 Re8
28. Qd1 Ng4 29. Qb1 e5 30. Ng6 e4 31. Nxh8 Kxh8 32. b3 cxb3
33. Qxb3 e3 34. Bc1 Nd7 35. Bd1 Ndf6 36. Bf3 Nf2 37. Rhg1 h4
38. Rxe3 hxg3 39. Bxd5 Qd7 40. Rxe8+ Qxe8 41. Bf3 Qc8 42. Kxg3
N6e4+ 43. Bxe4 Nxe4+ 44. Kh2 Nf2 45. Rg3 Qf5 46. c4 Ng4+
47. Kh1 Qh5+ 48. Kg2 Qh2+ 49. Kf3 h5 50. Rxg4 hxg4+ 51. Kxg4
Qg1+ 52. Kf5 Qxc1 53. d5 Qh1 54. Ke6 Qe4+ 55. Kd7 Qf5+ 56. Kc7
Qxf4+ 57. Kb7 Bd4 58. Qh3+ Kg7 59. Kxa6 Bc5 60. Kb5 Qd6
61. Qc8 Qf6 62. Qd7+ Kf8 63. Qc6 Qb2+ 64. Ka6 Qb4 65. Qb5 Qa3
66. Kb7 Ke7 67. Qc6 Qe3 68. Qc7+ Ke8 69. d6 Qe6 70. a5 Bxd6
71. Qc6+ Kd8 72. Qxb6+ Ke7 73. Qc6 Qe5 74. a6 Qb2+ 75. Qb5
Qg2+ 76. Qd5 Qb2+ 77. Kc6 Qb8 78. Qg5+ Ke6 79. Qe3+ Be5
80. Qh3+ Kf6 81. Qd7 Qa8+ 82. Kb5 Qb8+ 83. Ka4 Qb6 84. Qb5 Qc7
85. c5 Bd4 86. Kb4 Qa7 87. Qc6+ Ke5 88. Kb5 Qb8+ 89. Kc4 Qg8+
90. Kb4 Qb8+ 91. Qb7 Qf8 92. Qb5 Qa8 93. Qe2+ Kf6 94. Qc4 Qb8+
95. Qb5 Qa7 96. Qc6+ Ke5 97. Qd6+ Ke4 98. Kb5 Qf7 99. Qc6+ Ke5
100. Kb6 Qb3+ 101. Qb5 Qe6+ 102. Qc6 Qb3+ 1/2-1/2

[Event "Hastings Chess Congress"]
[Site "Hastings ENG"]
[Date "2009.01.03"]
[EventDate "2008.12.28"]
[Round "7"]
[Result "0-1"]
[White "David Howell"]
[Black "Igor Kurnosov"]
[WhiteElo "2593"]
[BlackElo "2606"]
[PlyCount "82"]

1. e4 e5 2. Nf3 Nc6 3. Bc4 Bc5 4. c3 Nf6 5. d3 d6 6. Bb3 a6
7. h3 Be6 8. Bc2 d5 9. Nbd2 O-O 10. Qe2 Qe7 11. Nf1 b5 12. Ng3
Rad8 13. Bg5 h6 14. Bh4 d4 15. O-O g6 16. Kh1 Kh7 17. Nxe5
Nxe5 18. f4 Ned7 19. Qf3 Qe8 20. e5 Bd5 21. Qf2 Qe6 22. Ne4
Bxe4 23. dxe4 d3 24. Qf3 dxc2 25. exf6 Rfe8 26. e5 Nb6
27. Rac1 Nc4 28. Rfe1 Rd2 29. Re2 Red8 30. Rxc2 R2d3 31. Qg4
Rd1+ 32. Re1 Rxe1+ 33. Bxe1 Qxg4 34. hxg4 Ne3 35. Re2 Nxg4
36. g3 g5 37. b4 Bb6 38. f5 Re8 39. e6 Nxf6 40. c4 fxe6 41. c5
Bxc5 0-1

[Event "Hastings Chess Congress"]
[Site "Hastings ENG"]
[Date "2009.01.03"]
[EventDate "2008.12.28"]
[Round "7"]
[Result "1/2-1/2"]
[White "Emanuel Berg"]
[Black "Valery Neverov"]
[WhiteElo "2623"]
[BlackElo "2571"]
[PlyCount "87"]

1. e4 c5 2. Nf3 e6 3. d4 cxd4 4. Nxd4 a6 5. Bd3 Bc5 6. Nb3 Ba7
7. Nc3 Nc6 8. Qg4 Nf6 9. Qg3 d6 10. O-O b5 11. Kh1 b4 12. Ne2
Bb7 13. Bg5 h6 14. Qh4 Ne5 15. Bxf6 Qxf6 16. Qxf6 gxf6 17. a3
bxa3 18. Rxa3 Bb6 19. Nc3 Ke7 20. Na4 Bc7 21. Nd4 Rhb8 22. f3
Nc6 23. Nxc6+ Bxc6 24. b3 a5 25. Rfa1 d5 26. exd5 Bxd5 27. Nc3
Bc6 28. Be4 Ra6 29. R1a2 f5 30. Bxc6 Rxc6 31. Ne2 Rd8 32. g3
Rd2 33. c3 Rcd6 34. Kg2 Bb6 35. b4 axb4 36. cxb4 e5 37. Ra6
Rxa2 38. Rxa2 Rd3 39. Rc2 Rb3 40. Rc6 Rxb4 41. Rxh6 Rb2
42. Kf1 Rb1+ 43. Kg2 Rb2 44. Kf1 1/2-1/2

[Event "Hastings Chess Congress"]
[Site "Hastings ENG"]
[Date "2009.01.03"]
[EventDate "2008.12.28"]
[Round "7"]
[Result "0-1"]
[White "Milos Pavlovic"]
[Black "Simon T Ansell"]
[WhiteElo "2524"]
[BlackElo "2410"]
[PlyCount "92"]

1. d4 Nf6 2. Nf3 g6 3. c4 c5 4. Nc3 Bg7 5. e4 O-O 6. Be2 d6
7. O-O Bg4 8. d5 Na6 9. Bg5 Nc7 10. Nd2 Bxe2 11. Qxe2 e5
12. a3 h6 13. Bh4 Qd7 14. b4 b6 15. bxc5 dxc5 16. Nb5 Nfe8
17. a4 f5 18. exf5 gxf5 19. Bg3 Nxb5 20. axb5 Qe7 21. f4 e4
22. Nf3 Bxa1 23. Rxa1 Qb7 24. Ne5 a6 25. d6 Nxd6 26. Rd1 Nf7
27. Rd7 Qc8 28. Qd1 Rd8 29. Qd5 Rxd7 30. Nxd7 Ra7 31. Nf6+ Kf8
32. h3 axb5 33. cxb5 e3 34. Be1 Ra1 35. Kf1 Qd8 36. Qxd8+ Nxd8
37. Ke2 Ra3 38. Nd7+ Ke8 39. Nxb6 Ne6 40. Nc4 Nd4+ 41. Kf1 Rb3
42. b6 Kd7 43. g4 e2+ 44. Kf2 Rf3+ 45. Kg2 Rf1 46. b7 Kc7 0-1

[Event "Hastings Chess Congress"]
[Site "Hastings ENG"]
[Date "2009.01.03"]
[EventDate "2008.12.28"]
[Round "7"]
[Result "1/2-1/2"]
[White "Simon J B Knott"]
[Black "Stephen Gordon"]
[WhiteElo "2348"]
[BlackElo "2521"]
[PlyCount "40"]

1. Nf3 d5 2. d4 Nf6 3. c4 e6 4. g3 Bb4+ 5. Bd2 Be7 6. Bg2 O-O
7. O-O c6 8. Qc2 Nbd7 9. Bf4 b6 10. cxd5 cxd5 11. Nc3 a6
12. Na4 Bb7 13. Bc7 Qc8 14. Rfc1 b5 15. Nb6 Nxb6 16. Bxb6 Qxc2
17. Rxc2 Rfc8 18. Rac1 Rxc2 19. Rxc2 Rc8 20. Rxc8+ Bxc8
1/2-1/2

[Event "Hastings Chess Congress"]
[Site "Hastings ENG"]
[Date "2009.01.03"]
[EventDate "2008.12.28"]
[Round "7"]
[Result "1/2-1/2"]
[White "Mark Hebden"]
[Black "Jack Rudd"]
[WhiteElo "2515"]
[BlackElo "2344"]
[PlyCount "105"]

1. d4 d5 2. Nf3 e6 3. c4 Nf6 4. Bg5 Be7 5. Nc3 O-O 6. e3 h6
7. Bh4 b6 8. Bd3 Bb7 9. O-O c5 10. dxc5 bxc5 11. cxd5 exd5
12. Rc1 Nbd7 13. Re1 Re8 14. Bb5 Rb8 15. Bg3 Rc8 16. Ne5 a6
17. Ba4 Nxe5 18. Bxe5 Rf8 19. Bb3 Nd7 20. Bf4 c4 21. Bc2 Nc5
22. Qg4 Qb6 23. Red1 Nd3 24. Bxd3 cxd3 25. Be5 f6 26. Bd4 Qb4
27. Rxd3 Qxb2 28. Rdd1 Qa3 29. Rb1 Bc6 30. Rb6 Kh8 31. h4 Bc5
32. Rb3 Qa5 33. Bxc5 Qxc5 34. Qd4 Bb5 35. Nxb5 axb5 36. a3
Rfd8 37. h5 Qc4 38. Rbd3 Qc2 39. Qg4 Rc4 40. Qf3 Ra4 41. g3
Rda8 42. Rxd5 Rxa3 43. Rxb5 Ra1 44. Rxa1 Rxa1+ 45. Kg2 Qd3
46. Rb8+ Kh7 47. g4 Ra5 48. Re8 f5 49. Kg3 Qd6+ 50. Qf4 Qd1
51. Qf3 Qd6+ 52. Kg2 Qd3 53. Kg3 1/2-1/2

[Event "Hastings Chess Congress"]
[Site "Hastings ENG"]
[Date "2009.01.03"]
[EventDate "2008.12.28"]
[Round "7"]
[Result "0-1"]
[White "Stewart Haslinger"]
[Black "Gudmundur Kjartansson"]
[WhiteElo "2506"]
[BlackElo "2284"]
[PlyCount "112"]

1. e4 e5 2. Nf3 Nc6 3. Bc4 Nf6 4. d3 Be7 5. O-O O-O 6. Re1 d6
7. a4 h6 8. a5 a6 9. h3 Nh7 10. Nc3 Kh8 11. Nd5 f5 12. Bd2 f4
13. Bc3 Ng5 14. b4 Nxf3+ 15. Qxf3 Bg5 16. Rad1 Ne7 17. Nxe7
Qxe7 18. d4 Bf6 19. Re2 Bd7 20. dxe5 Bxe5 21. Bxe5 Qxe5
22. Bd5 c6 23. Bc4 Rf6 24. Red2 Be8 25. Qb3 f3 26. g3 Qxe4
27. Rxd6 Rxd6 28. Rxd6 Bf7 29. Qc3 Qxc4 30. Rxh6+ Kg8 31. Qxc4
Bxc4 32. Rh4 Be6 33. Kh2 Rd8 34. Rf4 Rd1 35. g4 Rf1 36. Rxf3
Bd5 37. Rf5 g6 38. Rf6 Kg7 39. g5 Rb1 40. c3 Rh1+ 41. Kg3 Rc1
42. Rd6 Rxc3+ 43. Kh2 Rf3 44. Rd7+ Rf7 45. Rxf7+ Kxf7 46. Kg3
Ke6 47. Kf4 Bb3 48. h4 Bc2 49. f3 Bb1 50. Kg4 Bf5+ 51. Kf4 Bc2
52. Kg4 Ke5 53. h5 gxh5+ 54. Kxh5 Kf4 55. g6 Kxf3 56. g7 Bh7
0-1

[Event "Hastings Chess Congress"]
[Site "Hastings ENG"]
[Date "2009.01.03"]
[EventDate "2008.12.28"]
[Round "7"]
[Result "0-1"]
[White "Richard A Bates"]
[Black "Aaron Summerscale"]
[WhiteElo "2387"]
[BlackElo "2467"]
[PlyCount "106"]

1. d4 f5 2. g3 Nf6 3. Bg2 g6 4. Nf3 Bg7 5. O-O O-O 6. a4 d6
7. a5 Na6 8. d5 e5 9. dxe6 c6 10. Ng5 Qe7 11. Ra3 h6 12. Nf7
Bxe6 13. Nxd6 Rfd8 14. Rd3 Nb4 15. Rd2 Bf8 16. c3 Na6 17. Nxb7
Rxd2 18. Qxd2 Qxb7 19. Qd4 Kf7 20. Nd2 Bd5 21. Nf3 c5 22. Qf4
Kg8 23. Rd1 Re8 24. Qh4 g5 25. Bxg5 hxg5 26. Qxg5+ Bg7
27. Qxf5 c4 28. Qg6 Nc5 29. h4 Ne6 30. h5 Be4 31. Ng5 Bxg6
32. Bxb7 Bxh5 33. Nf3 Nc5 34. Bd5+ Bf7 35. Bxf7+ Kxf7 36. Rd4
Rxe2 37. Rxc4 Ne6 38. Rb4 Ne4 39. Rb7+ Kf6 40. Rb4 N6c5
41. Nh2 Kf5 42. Rc4 Rxf2 43. Rxc5+ Nxc5 44. Kxf2 Nd3+ 45. Ke3
Nxb2 46. Nf3 Nc4+ 47. Kd3 Ne5+ 48. Nxe5 Kxe5 49. g4 Kd5 50. g5
Kc5 51. a6 Kb5 52. g6 Bh8 53. Kd2 Kc4 0-1

[Event "Hastings Chess Congress"]
[Site "Hastings ENG"]
[Date "2009.01.03"]
[EventDate "2008.12.28"]
[Round "7"]
[Result "1/2-1/2"]
[White "Didier Leroy"]
[Black "Luis Javier Bernal Moro"]
[WhiteElo "2286"]
[BlackElo "2451"]
[PlyCount "72"]

1. d4 Nf6 2. c4 c5 3. d5 e5 4. Nc3 d6 5. e4 Be7 6. h3 Nbd7
7. Be3 a6 8. Qd2 h5 9. Nf3 h4 10. a3 Nf8 11. Be2 Ng6 12. Nh2
O-O 13. O-O Nh7 14. Bh5 Nf4 15. Bxf4 exf4 16. Qxf4 Bg5 17. Qf3
b5 18. Qe2 Bf4 19. Bg4 bxc4 20. Bxc8 Qxc8 21. Qxc4 Re8 22. Nf3
Ng5 23. Nxg5 Bxg5 24. f4 Bf6 25. e5 dxe5 26. Ne4 Qd8 27. Rad1
exf4 28. Nxf6+ Qxf6 29. Rxf4 Qd6 30. Rxh4 Re5 31. b4 cxb4
32. axb4 Rd8 33. Qd3 g6 34. Qc3 Qf6 35. Rf1 Qxh4 36. Qxe5 Qxb4
1/2-1/2

[Event "Hastings Chess Congress"]
[Site "Hastings ENG"]
[Date "2009.01.03"]
[EventDate "2008.12.28"]
[Round "7"]
[Result "1/2-1/2"]
[White "John Anderson"]
[Black "Andrew Greet"]
[WhiteElo "2213"]
[BlackElo "2440"]
[PlyCount "56"]

1. e4 e5 2. Nf3 Nc6 3. Nc3 Nf6 4. d4 exd4 5. Nxd4 Bb4 6. Nxc6
bxc6 7. Bd3 O-O 8. O-O d5 9. exd5 cxd5 10. Bg5 c6 11. Qf3 h6
12. Bxf6 Qxf6 13. Qxf6 gxf6 14. Ne2 Rb8 15. a3 Bd6 16. b4 c5
17. bxc5 Bxc5 18. a4 Be6 19. Rab1 Rb6 20. Rb5 Rc8 21. Ra1 Kf8
22. Rxb6 Bxb6 23. a5 Bc7 24. a6 Rb8 25. f4 Bb6+ 26. Kf1 Be3
27. f5 Bd7 28. g3 Ke7 1/2-1/2

[Event "Hastings Chess Congress"]
[Site "Hastings ENG"]
[Date "2009.01.03"]
[EventDate "2008.12.28"]
[Round "7"]
[Result "0-1"]
[White "Konstantinos Nikolaidis"]
[Black "Jovanka Houska"]
[WhiteElo "2264"]
[BlackElo "2399"]
[PlyCount "74"]

1. d4 d5 2. c4 c6 3. Nf3 Nf6 4. e3 a6 5. b3 Bf5 6. Be2 e6
7. O-O h6 8. Bd3 Bxd3 9. Qxd3 Nbd7 10. Nbd2 Be7 11. e4 O-O
12. Bb2 a5 13. Rfd1 dxe4 14. Nxe4 Nxe4 15. Qxe4 Nf6 16. Qe3 a4
17. Ne5 Qc7 18. Rac1 Rfd8 19. Re1 axb3 20. axb3 Ba3 21. Bxa3
Rxa3 22. Rcd1 Ra2 23. Rd3 Rda8 24. h3 Qa5 25. Kh2 Rb2 26. Nxf7
Kxf7 27. Qxe6+ Kf8 28. Qe7+ Kg8 29. Rg3 Ne8 30. Qe6+ Kh8
31. Re5 Qc7 32. Qg6 Nf6 33. Rf5 Rxb3 34. f4 Rxg3 35. Kxg3 Qd6
36. Re5 Qxd4 37. Re7 Ra3+ 0-1

[Event "Hastings Chess Congress"]
[Site "Hastings ENG"]
[Date "2009.01.03"]
[EventDate "2008.12.28"]
[Round "7"]
[Result "1-0"]
[White "Willy Hendriks"]
[Black "Gavin R Lock"]
[WhiteElo "2447"]
[BlackElo "2252"]
[PlyCount "97"]

1. e4 e6 2. d4 d5 3. e5 c5 4. c3 Qb6 5. Nf3 Nc6 6. a3 Nh6
7. b4 cxd4 8. Bxh6 gxh6 9. cxd4 Bd7 10. Be2 Rc8 11. O-O Bg7
12. Qd3 O-O 13. Nbd2 f6 14. exf6 Rxf6 15. Nb3 a6 16. Nc5 Be8
17. Rad1 Bg6 18. Qe3 Rc7 19. Rd2 Re7 20. Bd1 Qd8 21. Ne5 Nxe5
22. dxe5 Rf8 23. f4 h5 24. Qh3 Qe8 25. Rdf2 Qf7 26. Be2 Kh8
27. Bd3 Bxd3 28. Qxd3 Qg6 29. Rf3 Bh6 30. Rg3 Qxd3 31. Nxd3
Rc7 32. Rh3 Rf5 33. g4 Rg7 34. g5 Rg6 35. Rxh5 Bf8 36. Rc1 Kg8
37. Rc8 Rg7 38. Rh6 Rg6 39. Rh3 Rf7 40. Rg3 h6 41. h4 hxg5
42. hxg5 Rgg7 43. Nc5 Rg6 44. Rg4 Kg7 45. Nb3 Be7 46. Kg2 Bf8
47. Kg3 Re7 48. Rh4 Kg8 49. Nd4 1-0

[Event "Hastings Chess Congress"]
[Site "Hastings ENG"]
[Date "2009.01.03"]
[EventDate "2008.12.28"]
[Round "7"]
[Result "0-1"]
[White "Alexander Cherniaev"]
[Black "Ian Snape"]
[WhiteElo "2438"]
[BlackElo "2219"]
[PlyCount "70"]

1. e4 c5 2. Nc3 g6 3. f4 Bg7 4. Nf3 Nc6 5. Bb5 Nd4 6. O-O Nh6
7. Bc4 O-O 8. d3 e6 9. a3 b6 10. Ba2 Bb7 11. Nxd4 cxd4 12. Ne2
Rc8 13. Bd2 d6 14. h3 Qd7 15. f5 exf5 16. Ng3 fxe4 17. dxe4
Kh8 18. Bb3 Ng8 19. Bf4 Ne7 20. Qd2 Ng8 21. Qd3 Nf6 22. Bg5
Ng8 23. Rae1 h6 24. Bd2 Qe7 25. Rf2 Be5 26. Ref1 Qh4 27. Bf4
f6 28. Kh2 Ne7 29. Be6 Rc5 30. Ne2 f5 31. exf5 Nxf5 32. g4 Ng7
33. Qxg6 Rf6 34. Bf5 Rxg6 35. Bxg6 Ne6 0-1

[Event "Hastings Chess Congress"]
[Site "Hastings ENG"]
[Date "2009.01.03"]
[EventDate "2008.12.28"]
[Round "7"]
[Result "0-1"]
[White "James R Adair"]
[Black "Luc Bergez"]
[WhiteElo "2072"]
[BlackElo "2356"]
[PlyCount "104"]

1. e4 d5 2. exd5 Nf6 3. Nf3 Nxd5 4. d4 Bg4 5. h3 Bh5 6. c4 Nb6
7. Nc3 e6 8. g4 Bg6 9. Ne5 N8d7 10. Nxg6 hxg6 11. Qe2 Qf6
12. Be3 Bb4 13. Bg2 c5 14. O-O Bxc3 15. bxc3 Rc8 16. dxc5 Nxc5
17. Bd4 Qf4 18. Bxg7 Rh7 19. Bd4 Ncd7 20. c5 Nxc5 21. Rfd1
Nbd7 22. Be3 Qc7 23. Rd4 e5 24. Rd5 Ne6 25. Rad1 Rd8 26. Qd3
Rh8 27. Be4 Ke7 28. Bc1 Ndc5 29. Qc4 b5 30. Qe2 Nxe4 31. Qxe4
Rxd5 32. Rxd5 Qxc3 33. Be3 Rxh3 34. Kg2 Kf6 35. g5+ Nxg5
36. Rd6+ Ke7 37. Qd5 Rxe3 38. fxe3 Qxe3 39. Rd7+ Kf6 40. Rd6+
Kg7 41. Qd3 Qf4 42. Rd5 b4 43. Qe2 Ne4 44. Qf3 Qg5+ 45. Kh3
Nf6 46. Rd1 a5 47. Rf1 a4 48. Qg3 Qxg3+ 49. Kxg3 Ne4+ 50. Kg2
Nc3 51. Rf2 a3 52. Rc2 f5 0-1

[Event "Hastings Chess Congress"]
[Site "Hastings ENG"]
[Date "2009.01.03"]
[EventDate "2008.12.28"]
[Round "7"]
[Result "1/2-1/2"]
[White "Uriel Capo Vidal"]
[Black "Peter S Poobalasingam"]
[WhiteElo "2340"]
[BlackElo "2235"]
[PlyCount "93"]

1. d4 Nf6 2. c4 g6 3. Nc3 d5 4. Nf3 Bg7 5. Bg5 Ne4 6. cxd5
Nxg5 7. Nxg5 e6 8. Qd2 exd5 9. Qe3+ Kf8 10. Qf4 Bf6 11. h4 h6
12. Nxd5 Bxg5 13. Qe5 Rh7 14. hxg5 Nc6 15. Qe4 Bf5 16. Qf3
Qxg5 17. Qa3+ Kg7 18. e3 Rd8 19. Nf4 Rhh8 20. d5 Ne7 21. Bc4
b5 22. Bb3 c6 23. Qxa7 Qf6 24. Rd1 Nxd5 25. Nxd5 cxd5 26. Qd4
Rc8 27. Ke2 Bc2 28. Qxf6+ Kxf6 29. Rxd5 Bxb3 30. axb3 Rc2+
31. Rd2 Rxd2+ 32. Kxd2 h5 33. Rc1 Rd8+ 34. Ke2 Ra8 35. Rc6+
Kg5 36. Rc5+ f5 37. Kf3 Ra1 38. g3 Re1 39. Rxb5 Rb1 40. e4
Rxb2 41. exf5 gxf5 42. Rb8 h4 43. gxh4+ Kxh4 44. b4 Kg5 45. b5
Rb3+ 46. Kg2 Kf4 47. b6 1/2-1/2